000 00641nam a22002177a 4500
003 UA-OsUOA
001 62375
007 ta
008 20090821b un ||||| |||| 00| 0 ukr d
100 _aЕремин К.
090 _a821.161.1
_bЕ70
942 _cBK
040 _aUA-OsUOA
_brus
_cUA-OsUOA
_dUA-OsUOA
245 _aСолдатские версты
300 _a172 с.
955 _a3
041 _arus
080 _a821.161.1
260 _aМ.
_bВоенное издательство Министерства обороны Союза ССР
_c1960
650 7 _a82 Література. Літературознавство
_2UDC
999 _c348469
_d348469